Rejestracje w Województwie Zachodnio-pomorskim - Statystyki

Ogólne statystyki
  • Ten quiz został rozwiązany 82 razy
  • Średni wynik to 15 z 21
Statystyki odpowiedzi
Obrazkowy Odpowiedź % Poprawnych
Koszaliński
94%
(miasto powiat )Koszalin
94%
Kołobrzeski
90%
(miasto powiat) Szczecin
90%
Białogardzki
85%
Drawski
85%
Gryficki
85%
Szczecinecki
83%
Starogardzki
81%
Goleniowski
79%
Gryfiński
75%
Policki
75%
Choszczeński
73%
Wałecki
73%
Pyrzycki
71%
Kamieński
69%
Myśliborski
69%
Sławienski
65%
Łobeski
63%
Swidwiński
46%
(miasto powiat ) Świnoujście
2%
Nie znaleziono quizów pasujących do podanych kryteriów
Rozkład punktacji
Procent ludzi z każdym wynikiem
Percentyl według liczby udzielonych odpowiedzi
Twoja historia wyników
Nie rozwiązałeś tego quizu